| 000 | 01097cab a2200253 4500 | ||
|---|---|---|---|
| 001 | ABS44006 | ||
| 008 | 090401t1991 xxu||||| |||| 00| 0 eng d | ||
| 035 | _a(Sirsi) u44714 | ||
| 041 | _aeng | ||
| 100 | _aBradley, R. | ||
| 245 | _aBuilding construction: quality assurance in the industry | ||
| 260 | _c1991 | ||
| 350 | _a0 | ||
| 490 |
_aEstates Gazette _v(9102) 19 January 1991, 151-154(2) |
||
| 520 | _aBuilding industry professionals are increasingly aware of the importance of the quality of their service to clients. This article examines what quality assurance means, the main certification bodies, the attitude of the professions towards certification, how certification can be obtained, the effect of a quality system on the operation of a business and the benefits of incorporating quality assurance. | ||
| 650 | _aBUILDING SURVEYORS | ||
| 650 | _aABOUT RICS-RICS MEMBERS | ||
| 650 | _aQUALITY CONTROL | ||
| 650 | _aQUANTITY SURVEYORS | ||
| 650 | _aSERVICE QUALITY | ||
| 690 | _aMANAGEMENT-BUSINESS MANAGEMENT-PROFESSIONAL PRACTICE | ||
| 942 | _n0 | ||
| 948 | _c04/03/1997 | ||
| 999 |
_c28414 _d28414 |
||